000 00482nam a2200193Ia 4500
005 20240823011739.0
008 240823s9999||||xx |||||||||||||| ||und||
041 _aENGLISH
082 _A621.351848 P2
100 _aChitra M
245 0 _aMeasurements and Instrumentation Sem 4 ECE
250 _a1st
260 _c2002
_b"Aassaan eduCare,Chennai"
500 _aTRANSFERED
650 _aElectronics
_bElectronics
700 _a Mahadevan T
942 _cBK
999 _c162422
_d162422